Pesnička o Arbate

Bibliographic Details
Main Author: Okudžava, Bulat Šalvovič, 1924-1997 (Author)
Format: Article
Language:Slovak
Russian
ISSN:1210-2210
Subjects:

MARC

LEADER 00000nab a2200000 a 4500
001 vtls008960112
003 SK-MaSNL
005 20260304144005.0
008 250505c2006 xo mr|p|||||||000 b|slo
015 |a SNBRB2007/03  |2 snkbucl 
035 |a (uuid)dcd5201c-813c-487b-8838-34d0eb899680 
035 |a urn:nbn:sk:snk-abc1jn 
035 |a (urnnbn)urn:nbn:sk:snk:ar-003yd7 
038 |a SNKBUCL 
040 |a SNKBUCL  |b slo  |c SNKBUCL  |e AACR2 
041 1 |a slo  |h rus 
044 |a xo  |c SK 
080 |a 821.161.1-1  |2 1997 
100 1 |a Okudžava, Bulat Šalvovič,  |d 1924-1997  |4 aut 
245 1 0 |a Pesnička o Arbate  |c Bulat Okudžava 
500 |a Datované (1959) 
650 0 7 |a lyrické básne, ruské  |2 snkbucl  |9 16140 
773 0 |t Dotyky  |g Roč. XVIII, č. 3-4 (2006), s. 122  |x 1210-2210 
850 |a Slovenská národná knižnica 
852 |a Slovenská národná knižnica 
958 |a article15 
958 |a OND 
958 |a LX 
958 |a RU 
958 |a EUIPO 
999 |c 2928721  |d 2930651